000 00887cam a22002897a 4500
003 CHAP
005 20220329134753.0
008 971013s1970 r 00010 d
010 _a25623
011 _a26595
035 _a30696
040 _cCHAP
082 _a301.431
_bC6
110 _aConfederación Patronal de la República Mexicana
_926400
245 1 3 _aLa juventud en la sociedad contemporánea
260 _aMéxico, D. F. :
_bArte y Cultura,
_c1970
300 _a969 p.
590 _aBATCH-UPD
_b10
_c20130110
_lUCH01
_h1811
590 _aBATCH-UPD
_b10
_c20130410
_lUCH01
_h1146
590 _aBATCH-UPD
_b10
_c20130914
_lUCH01
_h1706
590 _aCONVERSION
_b10
_c20130109
_lUCH01
_h1315
650 1 4 _aJuventud.
_962551
650 1 4 _aPsicología social.
_992616
901 _aBK
942 _cLIBRO
949 _a301.431 C6
_bBC
_cLIBRO
_d33724000725446
_eLIBRO
_h35158
_i30696
_sm
999 _c25623
_d25623